000 01586nam a2200373 a 4500
005 20191224042315.0
008 161212b2016 ck ao|||r|||| 00| 0 spa d
020 _a9789587757262 (obra completa)
020 _a9789587757279 (volumen I)
020 _a9789587757286 (volumen II)
040 _aCO-BoIAVH
_cCO-BoIAVH
041 0 _aspa
044 _ack
082 0 4 _a581.9861
_bC36p
245 0 0 _aCatálogo de plantas y líquenes de Colombia /
_ceditado por Rodrigo Bernal, S. Robbert Gradstein y Marcela Celis
250 _aPrimera edición
260 _aBogotá (Colombia) :
_bUniversidad Nacional de Colombia (Sede Bogotá). Facultad de Ciencias. Instituto de Ciencias Naturales,
_c2016.
300 _a2 volúmenes (3056 páginas) :
_bilustraciones, mapas y fotografías a color ;
_c29 x 22 cm.
500 _aIncluye índice de sinónimos y acrónimos.
504 _aIncluye referencias bibliográficas.
650 2 6 _aPlantas
_xDistribución geográfica
_zColombia
_vCatálogos
650 2 6 _aLíquenes
650 2 6 _aPlantas
_xIdentificación
650 2 4 _aPaleobotánica
650 2 6 _aTaxonomía botánica
650 2 6 _aFlora colombiana
650 2 6 _aPlantas
_xconservación de especimenes
650 2 6 _aPlantas
_xespecies nativas
_zColombia
650 2 6 _aPlantas
_xespecies introducidas
_zColombia
700 1 _aBernal-González, Rodrigo Germán
_d1959 -
_eeditor
700 1 _aGradstein, S. Robbert
_eeditor
700 1 _aCelis Pacheco, Marcela
_eeditora
942 _2ddc
_cLIBRO
999 _c19164
_d19164